00821nam a2200205 a 450000100100000000500170001000800410002702000150006804000250008308200150010810000280012324501310015126000720028230000250035449000340037950400310041383000410044495201130048599900170059800004194220201002035838.0131023s1995 sp 000 0 spa d a8400075277 aDO-SdBNPbspacBNPHU axxxbA772v1 aArquiola, Elvira96771413aLa vejez a debate :banálisis histórico de la situación socio-sanitaria de la vejez en la actualidad /cElvira Arquiola. aMadrid :bConsejo Superior de Investigaciones Científicas,c1995. axx, 236 p. ;c22 cm.1 aEstudios sobre la cienciav22 aBibliografía: p. 225-236 0aEstudios sobre la ciencian22968856 001050718MOaGRbGRcCTd2013-10-23iLF1l0oxxx A772vp41942-10r2020-06-25w2020-06-25y1ZNo se presta c41431d41431